LEADER 00788naa a2200205 u 4500 001 000000100759 003 CaOOAMICUS 005 20070226130204.0 008 051125s1983 it u000 u ita u 035 $a11070519 040 $aIAR$bita 100 1 $aMotta, Giuseppe.$0(OLS)http://pul/name/15436 245 10$aNuove identificazioni nella collezione canonica detta >Polycarpus< /$c[Giuseppe Motta]. 260 $a[Milano :$bVita e pensiero],$c[1983] 300 $aS. 232-244 ;$c25 cm 730 0 $aAevum$g[Spogli].$0(OLS)http://pul/title/11692 773 0 $aAevum ;.$k57 (1983) 773 0 $tAevum$w()8026 996 $6245$aNuove identificazioni nella collezione canonica detta >Polycarpus<$9(OLS)http://pul/title/127658 996 $6260$a[Milano :$bVita e pensiero]$9(OLS)http://pul/publisher/79155 LEADER 00810nam a2200217 u 4500 001 000000054212 003 CaOOAMICUS 005 20070226115640.0 008 001201s1974 it u000 u ita u 035 $a10862995 040 $aPUL(R)$bita 100 1 $aGentile, Marino,$d1906-1991.$0(OLS)http://pul/name/4220 245 10$aBreve trattato di filosofia /$cMarino Gentile. 260 $aPadova :$bCEDAM,$c1974. 300 $a139 p. ;$c25 cm 650 4$aFilosofia.$0(OLS)http://pul/subject/362 850 $aPUL 852 $aPUL$W1$xDP1 Fondo Giannini$y60$m1557 B 15$j71444$nBK-PRI$b $qFondi$B71444$CPULBib$Z2$F71444 $H $81 941 1 $a1 996 $6245$aBreve trattato di filosofia$9(OLS)http://pul/title/72717 996 $6260$aPadova :$bCEDAM$9(OLS)http://pul/publisher/48126